[Event "Indonesia Open 2013"]
[Site "Jakarta INA"]
[Date "2013.10.14"]
[Round "6.4"]
[White "Gopal, G.N."]
[Black "Short, Nigel D"]
[Result "1/2-1/2"]
[WhiteTitle "GM"]
[BlackTitle "GM"]
[WhiteElo "2527"]
[BlackElo "2684"]
[WhiteFideId "5015693"]
[BlackFideId "400025"]
[EventDate "2013.10.10"]

1. e4 e5 2. Nf3 Nc6 3. Bb5 a6 4. Ba4 d6 5. O-O Bd7 6. d4 exd4 7. Nxd4 Be7 8. Nc3
Bf6 9. Nxc6 Bxc6 10. Bxc6+ bxc6 11. Qd3 Ne7 12. Be3 O-O 13. Bd4 Ng6 14. f4 Bxd4+
15. Qxd4 Qb8 16. b3 Qa7 17. Rad1 Rfe8 18. g3 Nf8 19. Qxa7 Rxa7 20. Rfe1 f6 21.
Kg2 a5 22. a4 Ne6 23. Ne2 Rb7 24. Nd4 Nxd4 25. Rxd4 Kf7 26. Kf3 c5 27. Rc4 f5
28. e5 g6 29. h3 h5 30. Re2 Re6 31. g4 hxg4+ 32. hxg4 fxg4+ 33. Kxg4 Rb4 34.
Rxb4 cxb4 35. Kf3 dxe5 36. fxe5 Rc6 37. Ke4 Rc3 38. Rh2 c6 39. Rh7+ Ke6 40. Rg7
Rxc2 41. Rxg6+ Kf7 42. Rf6+ Ke7 43. Rh6 Rc3 44. Rh7+ Ke6 45. Rh6+ Ke7 46. Rh7+
Ke6 47. Rh6+ Ke7 48. Rh7+ 1/2-1/2

[Event "Indonesia Open 2013"]
[Site "Jakarta INA"]
[Date "2013.10.14"]
[Round "6.5"]
[White "Malakhatko, Vadim"]
[Black "Iturrizaga, Eduardo"]
[Result "1/2-1/2"]
[WhiteTitle "GM"]
[BlackTitle "GM"]
[WhiteElo "2519"]
[BlackElo "2658"]
[WhiteFideId "14104202"]
[BlackFideId "3901211"]
[EventDate "2013.10.10"]

1. c4 c5 2. g3 g6 3. Bg2 Bg7 4. Nc3 Nc6 5. a3 d6 6. Rb1 a5 7. d3 Nh6 8. e3 Nf5
9. Nge2 O-O 10. O-O e6 11. b3 Qd7 12. Na4 Rb8 13. Nb6 Qc7 14. Nxc8 Rfxc8 15. Bd2
Qd7 16. b4 axb4 17. axb4 cxb4 18. Bxb4 b5 19. cxb5 Nxb4 20. Rxb4 Rxb5 21. Qa4
Rcb8 22. d4 Qe8 23. Rxb5 Qxb5 24. Qxb5 Rxb5 25. Be4 Ne7 26. Rb1 Rxb1+ 27. Bxb1
d5 28. Bd3 Nc8 29. Nc3 Nd6 30. Nb5 Nxb5 31. Bxb5 1/2-1/2

[Event "Indonesia Open 2013"]
[Site "Jakarta INA"]
[Date "2013.10.14"]
[Round "6.6"]
[White "Vaibhav, Suri"]
[Black "Sokolov, Ivan"]
[Result "1/2-1/2"]
[WhiteTitle "GM"]
[BlackTitle "GM"]
[WhiteElo "2527"]
[BlackElo "2636"]
[WhiteFideId "5045185"]
[BlackFideId "14400030"]
[EventDate "2013.10.10"]

1. e4 e5 2. Nf3 Nc6 3. Bb5 Nf6 4. d3 d6 5. O-O Bd7 6. c4 g6 7. Nc3 Bg7 8. h3 O-O
9. Be3 a6 10. Ba4 Rb8 11. Rc1 Kh8 12. Re1 Be6 13. a3 Nh5 14. Nd5 Nd4 15. Nxd4
exd4 16. Bd2 c6 17. Nf4 Nxf4 18. Bxf4 Be5 19. Qd2 Rg8 20. Bd1 f6 21. Bg4 Bxg4
22. hxg4 Qd7 23. f3 Rbe8 24. Bh2 f5 25. Bxe5+ dxe5 26. Qg5 fxg4 27. fxg4 Qe7 28.
Qxe7 Rxe7 29. Rf1 Kg7 30. g5 Rf8 31. Rxf8 1/2-1/2

[Event "Indonesia Open 2013"]
[Site "Jakarta INA"]
[Date "2013.10.14"]
[Round "6.7"]
[White "Gomez, John Paul"]
[Black "Nguyen, Ngoc Truong Son"]
[Result "1/2-1/2"]
[WhiteTitle "GM"]
[BlackTitle "GM"]
[WhiteElo "2511"]
[BlackElo "2629"]
[WhiteFideId "5201381"]
[BlackFideId "12401110"]
[EventDate "2013.10.10"]

1. e4 e5 2. Nf3 Nc6 3. d4 exd4 4. Nxd4 Bc5 5. Nb3 Bb6 6. Nc3 d6 7. Qe2 Be6 8.
Be3 Nf6 9. O-O-O Qe7 10. f3 O-O-O 11. Nd4 Nxd4 12. Bxd4 Rhe8 13. Qf2 d5 14. Bb5
Rf8 15. Bxb6 axb6 16. exd5 Nxd5 17. Nxd5 Bxd5 18. Kb1 Be6 19. Qe2 Rxd1+ 20. Rxd1
Rd8 21. Rxd8+ Qxd8 22. b3 Qd4 23. g3 h5 24. Bd3 h4 25. gxh4 Qxh4 26. Qe5 Kb8 27.
Qxg7 Qxh2 28. Qf8+ Ka7 29. Qa3+ Kb8 30. Qf8+ Ka7 31. Qa3+ 1/2-1/2

[Event "Indonesia Open 2013"]
[Site "Jakarta INA"]
[Date "2013.10.14"]
[Round "6.8"]
[White "Vazquez Igarza, Renier"]
[Black "Cao, Sang"]
[Result "1/2-1/2"]
[WhiteTitle "GM"]
[BlackTitle "GM"]
[WhiteElo "2602"]
[BlackElo "2485"]
[WhiteFideId "3503054"]
[BlackFideId "725056"]
[EventDate "2013.10.10"]

1. d4 Nf6 2. c4 e6 3. g3 c5 4. Nf3 cxd4 5. Nxd4 Qc7 6. Nc3 a6 7. Bg2 d6 8. O-O
Be7 9. b3 O-O 10. Bb2 Bd7 11. Rc1 Qb6 12. Qd2 Nc6 13. c5 Qxc5 14. Na4 Qh5 15.
Nb6 Nxd4 16. Bxd4 Rad8 17. Rc7 e5 18. Nxd7 Rxd7 19. Rxd7 Nxd7 20. Bb2 Nf6 21.
Rc1 d5 22. Rc7 Bd6 23. Rxb7 Qf5 24. Bxd5 Bc5 25. e4 Nxe4 26. Qc2 Qxf2+ 27. Qxf2
Nxf2 28. b4 Be3 29. Kf1 Ng4 30. h3 Nf6 31. Bc4 Ne4 32. Bxa6 Nxg3+ 33. Kg2 Nf5
34. Bxe5 f6 35. Bc4+ Kh8 36. Rb8 Rxb8 37. Bxb8 Bd2 38. Bd3 Nh4+ 39. Kg3 Be1+ 40.
Kf4 Bxb4 41. Ke4 g5 42. a4 Ba5 43. Kd5 Ng6 44. Kc5 Ne5 45. Bf5 h5 46. Kb5 Be1
47. Bd6 g4 48. hxg4 hxg4 49. Be4 g3 50. Bb4 Bxb4 51. Kxb4 f5 52. Bg2 f4 53. a5
f3 54. Bxf3 Nxf3 55. a6 Ne5 56. Kb5 g2 57. a7 g1=Q 58. a8=Q+ Kg7 59. Qb7+ Nf7
60. Qe7 Qd4 61. Ka6 Qd5 62. Kb6 Kg6 63. Qe8 Qd4+ 64. Ka6 Kf6 65. Qf8 Qd7 66. Ka5
Ke6 67. Kb4 Qd4+ 68. Kb3 Nd6 69. Qf3 Ne4 70. Qg4+ Kd6 71. Qg6+ Kc5 72. Qf5+ Kb6
73. Qe6+ Ka5 74. Qf5+ Nc5+ 75. Kc2 Kb4 76. Qf3 Qe5 77. Qg4+ Kb5 78. Qf3 Qh2+ 79.
Kd1 Qg1+ 80. Ke2 Qd4 81. Kf1 Kc4 82. Kg2 Qe5 83. Kh3 Ne4 84. Kg2 Qg7+ 85. Kh2
Qh6+ 86. Kg1 Qg5+ 87. Kh2 Qd2+ 88. Kg1 Kd4 89. Kh1 Qc1+ 90. Kg2 Qg5+ 91. Kh2 Nd2
92. Qf2+ Ke4 93. Qe2+ Kf5 1/2-1/2

[Event "Indonesia Open 2013"]
[Site "Jakarta INA"]
[Date "2013.10.14"]
[Round "6.9"]
[White "Stefanova, Antoaneta"]
[Black "Gupta, Abhijeet"]
[Result "1/2-1/2"]
[WhiteTitle "GM"]
[BlackTitle "GM"]
[WhiteElo "2496"]
[BlackElo "2593"]
[WhiteFideId "2902257"]
[BlackFideId "5010608"]
[EventDate "2013.10.10"]

1. d4 Nf6 2. c4 g6 3. Nc3 d5 4. cxd5 Nxd5 5. Bd2 Bg7 6. e4 Nxc3 7. Bxc3 O-O 8.
Qd2 c5 9. d5 e6 10. Bc4 exd5 11. Bxd5 Nd7 12. Nf3 Nf6 13. O-O Nxd5 14. exd5 b6
15. Rfe1 Qd6 16. Ng5 Bxc3 17. bxc3 Bf5 18. Ne4 Bxe4 19. Rxe4 Rfe8 20. Rae1 Rxe4
21. Rxe4 b5 22. a4 a6 23. g3 Rb8 24. axb5 axb5 25. Qe3 Kg7 26. Re8 Rb7 27. Qd3
Rb6 28. Re4 Rb8 29. Re1 c4 30. Qd2 Rd8 31. Rd1 Rd7 32. Qd4+ Qf6 33. Qd2 1/2-1/2

[Event "Indonesia Open 2013"]
[Site "Jakarta INA"]
[Date "2013.10.14"]
[Round "6.10"]
[White "Ehlvest, Jaan"]
[Black "Laylo, Darwin"]
[Result "0-1"]
[WhiteTitle "GM"]
[BlackTitle "GM"]
[WhiteElo "2578"]
[BlackElo "2497"]
[WhiteFideId "4500016"]
[BlackFideId "5201330"]
[EventDate "2013.10.10"]

1. e4 c6 2. Nc3 d5 3. Nf3 Bg4 4. h3 Bh5 5. d4 e6 6. Bd3 Nf6 7. e5 Nfd7 8. g4 Bg6
9. Bxg6 hxg6 10. Ne2 c5 11. c3 Nc6 12. Kf1 Be7 13. Kg2 Qb6 14. Rb1 a5 15. Be3
Qa6 16. Nf4 cxd4 17. cxd4 O-O-O 18. Nd3 Kb8 19. a3 a4 20. Bg5 Bxg5 21. Nxg5 Rhf8
22. Nf3 f6 23. Re1 fxe5 24. Nfxe5 Ncxe5 25. Nxe5 Nxe5 26. Rxe5 Rf4 27. Qe2 Qxe2
28. Rxe2 Rd6 29. Rd1 Rb6 30. Rdd2 Kc7 31. Kg3 Rf8 32. Re3 Kd7 33. Kh4 Rf6 34.
Rc3 Rc6 35. Rxc6 bxc6 36. Kg5 c5 37. dxc5 Kc6 38. f4 Kxc5 39. Rc2+ Kd4 40. Rc7
Ke3 41. Rxg7 Rxf4 42. Rxg6 Re4 43. Rf6 d4 44. h4 d3 45. h5 d2 46. Rf1 Kd3 47. h6
Re1 48. h7 Rxf1 49. h8=Q d1=Q 50. Qc3+ Ke4 51. Qc4+ Kf3 0-1

[Event "Indonesia Open 2013"]
[Site "Jakarta INA"]
[Date "2013.10.14"]
[Round "6.11"]
[White "Gundavaa, Bayarsaikhan"]
[Black "Grigoryan, Avetik"]
[Result "1/2-1/2"]
[WhiteTitle "GM"]
[BlackTitle "GM"]
[WhiteElo "2500"]
[BlackElo "2577"]
[WhiteFideId "4901045"]
[BlackFideId "13302191"]
[EventDate "2013.10.10"]

1. d4 Nf6 2. c4 e6 3. Nc3 c5 4. d5 exd5 5. cxd5 d6 6. Nf3 g6 7. e4 a6 8. a4 Bg4
9. Be2 Bxf3 10. Bxf3 Nbd7 11. O-O Bg7 12. Be2 O-O 13. Qc2 Rb8 14. Bf4 Qe7 15. a5
h5 16. h3 Rfe8 17. Ra4 Nh7 18. Be3 Nhf8 19. Qd3 Rec8 20. Rc1 Rc7 21. f4 Rcc8 22.
e5 dxe5 23. d6 Qf6 24. Rf1 e4 25. Rxe4 Re8 26. Bf3 Ne6 27. Re1 Kf8 28. Bf2 Red8
29. Qd5 Qf5 30. Rxe6 fxe6 1/2-1/2

[Event "Indonesia Open 2013"]
[Site "Jakarta INA"]
[Date "2013.10.14"]
[Round "6.12"]
[White "Barbosa, Oliver"]
[Black "Nolte, Rolando"]
[Result "1/2-1/2"]
[WhiteTitle "GM"]
[BlackTitle "IM"]
[WhiteElo "2567"]
[BlackElo "2447"]
[WhiteFideId "5201640"]
[BlackFideId "5200636"]
[EventDate "2013.10.10"]

1. d4 Nf6 2. c4 e6 3. Nf3 b6 4. Nc3 Bb4 5. Bg5 Bb7 6. Nd2 h6 7. Bh4 Bxc3 8. bxc3
d6 9. f3 Nbd7 10. e4 e5 11. Bd3 Qe7 12. Nf1 g5 13. Bf2 Nh5 14. Ne3 Nf4 15. Bf1
O-O-O 16. g3 Ng6 17. Bh3 Kb8 18. a4 a5 19. Rb1 h5 20. Bf5 Qe8 21. O-O Ne7 22.
Qc2 g4 23. c5 dxc5 24. Bxd7 Qxd7 25. dxc5 gxf3 26. cxb6 c5 27. Rfd1 Qe6 28.
Rxd8+ Rxd8 29. Rd1 Rxd1+ 30. Qxd1 Nc8 31. Nd5 Nxb6 32. c4 Nxc4 33. Bxc5 Qc6 34.
Bf2 Nd6 35. Qa1 Qc2 36. Nf6 Ka8 37. h4 Nxe4 38. Nxe4 Qxe4 39. Qa3 Qc6 40. Qe7 f6
41. Qd8+ Bc8 42. Qxa5+ Qa6 43. Qc7 Bb7 44. g4 hxg4 45. h5 g3 46. Bxg3 Qc6 47.
Qd8+ Qc8 48. Qa5+ Kb8 49. Qd2 f2+ 50. Kxf2 Qf5+ 51. Kg1 Qxh5 52. Qd6+ Kc8 53.
Qe6+ Kb8 54. Qd6+ 1/2-1/2

[Event "Indonesia Open 2013"]
[Site "Jakarta INA"]
[Date "2013.10.14"]
[Round "6.13"]
[White "Ghaem Maghami, Ehsan"]
[Black "Lioe, Dede"]
[Result "1/2-1/2"]
[WhiteTitle "GM"]
[BlackTitle "IM"]
[WhiteElo "2556"]
[BlackElo "2375"]
[WhiteFideId "12500739"]
[BlackFideId "7100566"]
[EventDate "2013.10.10"]

1. d4 d5 2. Nf3 Nf6 3. c4 e6 4. g3 c6 5. Bg2 Be7 6. O-O O-O 7. Qc2 Nbd7 8. Rd1
Ne4 9. Nfd2 f5 10. Nxe4 fxe4 11. f3 exf3 12. exf3 e5 13. cxd5 exd4 14. dxc6 bxc6
15. f4 Rb8 16. Qxc6 Kh8 17. Qa4 Qb6 18. Qc6 Qd8 19. Qa4 Qb6 20. Qc6 Qd8 21. Qa4 1/2-1/2

[Event "Indonesia Open 2013"]
[Site "Jakarta INA"]
[Date "2013.10.14"]
[Round "6.14"]
[White "Salem, A.R. Saleh"]
[Black "Munkhgal, Gombosuren"]
[Result "1/2-1/2"]
[WhiteTitle "GM"]
[BlackTitle "IM"]
[WhiteElo "2567"]
[BlackElo "2400"]
[WhiteFideId "9301348"]
[BlackFideId "4901266"]
[EventDate "2013.10.10"]

1. d4 Nf6 2. c4 e6 3. Nc3 Bb4 4. f3 c5 5. a3 Bxc3+ 6. bxc3 d5 7. e3 O-O 8. cxd5
Nxd5 9. Bd2 b6 10. Bd3 Ba6 11. Bxa6 Nxa6 12. e4 Ne7 13. Ne2 Nb8 14. O-O Qc8 15.
Bg5 Ng6 16. h4 h6 17. h5 hxg5 18. hxg6 fxg6 19. Qd2 Qd8 20. f4 Nc6 21. Qa2 Qd6
22. e5 Qd5 23. Qxd5 exd5 24. fxg5 Rxf1+ 25. Rxf1 Rf8 26. Rd1 Rf5 27. dxc5 bxc5
28. Rxd5 Rxe5 29. Rd6 Rxe2 30. Rxc6 Ra2 31. Ra6 Rc2 32. Rxg6 Rxc3 33. Ra6 Kh7
34. Kf2 Rb3 35. a4 c4 36. Rxa7 Kg6 37. a5 Ra3 38. a6 Kh5 39. Rxg7 Rxa6 40. Kf3
Rg6 41. Rc7 Kxg5 42. Rxc4 Rf6+ 43. Kg3 Ra6 44. Rg4+ Kf5 45. Rg8 Kf6 46. Kh4 Kf7
47. Rg5 Rh6+ 48. Kg4 Ra6 49. g3 Rb6 50. Kh5 Ra6 51. g4 Rb6 52. Ra5 Kg7 53. Ra7+
Kg8 54. g5 Rc6 55. Ra1 Kg7 56. Ra3 Rb6 57. Ra7+ Kg8 58. Rc7 Ra6 59. Rc5 Kg7 60.
g6 Ra1 1/2-1/2

[Event "Indonesia Open 2013"]
[Site "Jakarta INA"]
[Date "2013.10.14"]
[Round "6.15"]
[White "Fernandez, Daniel Howard"]
[Black "Shyam, Sundar M."]
[Result "0-1"]
[WhiteTitle "IM"]
[BlackTitle "GM"]
[WhiteElo "2389"]
[BlackElo "2536"]
[WhiteFideId "5801605"]
[BlackFideId "5019141"]
[EventDate "2013.10.10"]

1. Nf3 d5 2. c4 d4 3. b4 f6 4. e3 e5 5. c5 d3 6. Qb3 e4 7. Nd4 Nc6 8. Ne6 Bxe6
9. Qxe6+ Qe7 10. Qxe7+ Bxe7 11. a3 f5 12. Nc3 Bf6 13. Bb2 Nge7 14. f3 a5 15. Rb1
axb4 16. axb4 Nxb4 17. fxe4 fxe4 18. Nxe4 Bxb2 19. Rxb2 O-O 20. Rb1 Ned5 21. g3
Ra2 22. Kd1 Re8 23. Nc3 Nxc3+ 24. dxc3 Nd5 25. Bxd3 Nxc3+ 26. Kc1 Rf2 27. Rxb7
Ra8 28. Rb2 Ra1+ 29. Bb1 Na2+ 30. Rxa2 Rfxa2 31. Rd1 Rxh2 32. c6 Kf8 33. Rd8+
Ke7 34. Rd7+ Kf6 35. Rxc7 Rh1+ 36. Kc2 Raxb1 0-1

[Event "Indonesia Open 2013"]
[Site "Jakarta INA"]
[Date "2013.10.14"]
[Round "6.16"]
[White "Batchuluun, Tsegmed"]
[Black "Batchimeg, Tuvshintugs"]
[Result "1-0"]
[WhiteTitle "GM"]
[BlackTitle "WGM"]
[WhiteElo "2529"]
[BlackElo "2376"]
[WhiteFideId "4900847"]
[BlackFideId "4900839"]
[EventDate "2013.10.10"]

1. c4 e6 2. Nc3 d5 3. d4 dxc4 4. e4 a6 5. Bxc4 b5 6. Bb3 Bb7 7. Nf3 Be7 8. e5 c5
9. O-O cxd4 10. Nxd4 Nc6 11. Nxc6 Qxd1 12. Rxd1 Bxc6 13. a4 b4 14. Ne2 Nh6 15.
Bxh6 gxh6 16. Rac1 Rc8 17. Nd4 Bd7 18. Rxc8+ Bxc8 19. Rc1 O-O 20. Rc7 1-0

[Event "Indonesia Open 2013"]
[Site "Jakarta INA"]
[Date "2013.10.14"]
[Round "6.17"]
[White "Purnama, Tirta Chandra"]
[Black "Megaranto, Susanto"]
[Result "1/2-1/2"]
[WhiteTitle "IM"]
[BlackTitle "GM"]
[WhiteElo "2382"]
[BlackElo "2528"]
[WhiteFideId "7101422"]
[BlackFideId "7101384"]
[EventDate "2013.10.10"]

1. d4 d5 2. c4 e6 3. Nc3 Nf6 4. cxd5 exd5 5. Bg5 Be7 6. e3 O-O 7. Bd3 c6 8. Qc2
Nbd7 9. Nge2 Re8 10. O-O h6 11. Bh4 Nh5 12. Bxe7 Qxe7 13. Bf5 Nf8 14. Ng3 Nxg3
15. hxg3 Bxf5 16. Qxf5 g6 17. Qc2 Nh7 18. Rfc1 Nf6 19. Rab1 h5 20. b4 a6 21. a4
Ng4 22. Qe2 Kg7 23. Qf3 b5 24. a5 Rad8 25. Ne2 Rd6 26. Nf4 Rf6 27. Rc2 Rd8 28.
Rbb2 Rdd6 29. Qe2 Nh6 30. Qd3 Ng4 31. Qe2 Nh6 32. Qd3 Ng4 1/2-1/2

[Event "Indonesia Open 2013"]
[Site "Jakarta INA"]
[Date "2013.10.14"]
[Round "6.18"]
[White "Barus, Cerdas"]
[Black "Dao, Thien Hai"]
[Result "0-1"]
[WhiteTitle "GM"]
[BlackTitle "GM"]
[WhiteElo "2396"]
[BlackElo "2500"]
[WhiteFideId "7100094"]
[BlackFideId "12400084"]
[EventDate "2013.10.10"]

1. d4 f5 2. c4 Nf6 3. Nf3 g6 4. g3 Bg7 5. Bg2 O-O 6. O-O d6 7. Nc3 Qe8 8. d5 Na6
9. Rb1 Bd7 10. b4 c6 11. dxc6 bxc6 12. Qa4 Nc7 13. Qa5 Ne6 14. Bb2 Qd8 15. Qa3
Rb8 16. Ba1 a5 17. b5 cxb5 18. cxb5 Ne4 19. Nxe4 fxe4 20. Nd2 Bxa1 21. Rxa1 d5
22. e3 Rxb5 23. f3 exf3 24. Nxf3 Re8 25. Ne5 Qc7 26. Nxd7 Qxd7 27. Rad1 Rd8 28.
Bh3 Qd6 29. Qa4 Rc5 30. Qg4 Nf8 31. Qf3 Qe5 32. Rd3 Kh8 33. Rfd1 e6 34. Rf1 Rc7
35. Rd4 g5 36. Ra4 Ra7 37. Ra3 Kg7 38. Rb3 Ng6 39. Qg4 Re7 40. Bg2 Rc8 41. Kh1
Rc2 42. Qa4 Re2 43. Qxa5 Rxe3 44. Qb4 Rxb3 45. axb3 Qb2 46. Re1 Ra7 47. Qd6 Qxb3
48. h3 e5 49. Rxe5 Qb1+ 50. Kh2 Ra1 51. h4 gxh4 0-1

[Event "Indonesia Open 2013"]
[Site "Jakarta INA"]
[Date "2013.10.14"]
[Round "6.19"]
[White "Nguyen, Duc Hoa"]
[Black "Novita, Anjas"]
[Result "1-0"]
[WhiteTitle "IM"]
[BlackTitle "FM"]
[WhiteElo "2486"]
[BlackElo "2328"]
[WhiteFideId "12401358"]
[BlackFideId "7100949"]
[EventDate "2013.10.10"]

1. d4 e6 2. c4 d5 3. Nf3 c6 4. Qc2 Nf6 5. g3 Nbd7 6. Bg2 Bd6 7. O-O O-O 8. Nbd2
e5 9. cxd5 Nxd5 10. Nc4 Qe7 11. Nxd6 Qxd6 12. Rd1 exd4 13. Nxd4 Re8 14. e4 Nb4
15. Qb3 Na6 16. Nf5 Qf6 17. Nd6 Rf8 18. Qa3 Nb6 19. Bd2 Qe7 20. Bc3 f6 21. Rd2
Be6 22. Rad1 Rad8 23. Qa5 Rxd6 24. Rxd6 Nc4 25. Rxe6 Qxe6 26. Qh5 Nb6 27. b3 Qe7
28. a4 Nd7 29. Qf5 Ndc5 30. h4 Rd8 31. Rxd8+ Qxd8 32. e5 Qd7 33. Qh5 fxe5 34.
Qxe5 Nd3 35. Qe3 h6 36. h5 Ndb4 37. Bh3 Qd1+ 38. Kh2 Qxh5 39. Qe6+ Qf7 40. Qc8+ 1-0

[Event "Indonesia Open 2013"]
[Site "Jakarta INA"]
[Date "2013.10.14"]
[Round "6.20"]
[White "Pradeep, Kumar R.A."]
[Black "Khamrakulov, Djurabek"]
[Result "0-1"]
[BlackTitle "IM"]
[WhiteElo "2331"]
[BlackElo "2442"]
[WhiteFideId "5023181"]
[BlackFideId "14201143"]
[EventDate "2013.10.10"]

1. Nf3 f5 2. c4 Nf6 3. g3 g6 4. Bg2 Bg7 5. Nc3 O-O 6. O-O d6 7. d4 c6 8. d5 e5
9. dxe6 Bxe6 10. Qd3 Na6 11. Bf4 Qb6 12. Qxd6 Rfe8 13. Qa3 Bxc4 14. Ne5 Be6 15.
Nd3 Ng4 16. h3 Nf6 17. Be3 Qc7 18. Bf4 Qc8 19. h4 Nc7 20. Rac1 Ne4 21. Nxe4 fxe4
22. Nc5 Nb5 23. Qb4 a5 24. Qd2 Bd5 25. Na4 Qf5 26. Be3 Bxa2 27. Rc5 Qf7 28. Nb6
Red8 29. Qe1 Ra6 30. Rc1 Bxb2 31. Rd1 Bd4 32. Bxd4 Nxd4 33. e3 Rxb6 34. exd4 Rb4
35. Qe3 Bd5 36. h5 Re8 37. hxg6 hxg6 38. Rfe1 Rb3 39. Qc1 a4 40. Re3 Rf8 41. Rf1
Bc4 42. Rxe4 Bxf1 43. Rf4 Qc4 44. Rxf8+ Kxf8 45. Qf4+ Qf7 46. Qd6+ Qe7 47. Qf4+
Kg7 48. Bxf1 a3 49. d5 cxd5 50. Qd4+ Kh7 51. Qxd5 a2 0-1

[Event "Indonesia Open 2013"]
[Site "Jakarta INA"]
[Date "2013.10.14"]
[Round "6.21"]
[White "Paehtz, Elisabeth"]
[Black "Saduakassova, Dinara"]
[Result "1-0"]
[WhiteTitle "IM"]
[BlackTitle "WGM"]
[WhiteElo "2440"]
[BlackElo "2335"]
[WhiteFideId "4641833"]
[BlackFideId "13700090"]
[EventDate "2013.10.10"]

1. d4 Nf6 2. c4 g6 3. Nc3 d5 4. cxd5 Nxd5 5. Bd2 Nb6 6. Bf4 Bg7 7. e3 O-O 8. Nf3
c5 9. dxc5 N6d7 10. Bc4 Nxc5 11. O-O Qxd1 12. Raxd1 Nc6 13. Bd5 Bf5 14. Bxc6
bxc6 15. Be5 f6 16. Bc7 Rac8 17. Ba5 Bd3 18. Rfe1 Ba6 19. Rd2 Nb7 20. Bb4 c5 21.
Ba3 Nd6 22. b3 Rfd8 23. Red1 Bf8 24. Ne4 c4 25. Bxd6 exd6 26. Nxf6+ Kg7 27. Nd5
h6 28. bxc4 Bxc4 29. Nf4 Be7 30. h3 Rc5 31. Rb1 Rd7 32. Nd4 Kf7 33. Nd3 Ra5 34.
Nc6 Rd5 35. Rbd1 Rc7 36. Nxe7 Kxe7 37. Nf4 Rxd2 38. Rxd2 Bf7 39. Nd5+ Bxd5 40.
Rxd5 Rc1+ 41. Kh2 Rc2 42. Ra5 Rxf2 43. Rxa7+ Ke6 44. Kg3 Rc2 45. Kf3 h5 46. h4
Kf6 47. g3 Rb2 48. a4 Rb4 49. a5 d5 50. Ra6+ 1-0

[Event "Indonesia Open 2013"]
[Site "Jakarta INA"]
[Date "2013.10.14"]
[Round "6.22"]
[White "Emperado, Emmanuel"]
[Black "Nguyen, Van Huy"]
[Result "0-1"]
[BlackTitle "IM"]
[WhiteElo "2297"]
[BlackElo "2422"]
[WhiteFideId "5209960"]
[BlackFideId "12401064"]
[EventDate "2013.10.10"]

1. e4 c6 2. d4 d5 3. Nc3 dxe4 4. Nxe4 Bf5 5. Ng3 Bg6 6. h4 h6 7. Nf3 Nf6 8. Ne5
Bh7 9. Bd3 Bxd3 10. Qxd3 e6 11. Bd2 Bd6 12. f4 Nbd7 13. O-O-O Qc7 14. Rhf1 O-O
15. Nxd7 Qxd7 16. f5 Bxg3 17. Qxg3 exf5 18. Bxh6 Ng4 19. Bg5 Rfe8 20. Qf3 g6 21.
Qh3 Kg7 22. h5 Rh8 23. h6+ Nxh6 24. d5 Ng4 25. Qc3+ f6 26. d6 Rae8 27. Bf4 Ne5
28. Rh1 Nf7 29. Qd4 Rxh1 30. Rxh1 Re4 31. Qd2 g5 32. Bg3 f4 33. Qd3 Nxd6 34. Be1
Qe6 35. Bc3 Nf7 36. b3 c5 37. Kb2 a6 38. g3 c4 39. Qd1 fxg3 40. Qf3 cxb3 41.
axb3 b5 42. Qxg3 b4 43. Bd2 Qe5+ 44. Qxe5 Nxe5 45. Ra1 g4 46. Rxa6 g3 47. Ra1 g2
48. Rg1 Re2 0-1

[Event "Indonesia Open 2013"]
[Site "Jakarta INA"]
[Date "2013.10.14"]
[Round "6.23"]
[White "Khusnutdinov, Rustam"]
[Black "Dimakiling, Oliver"]
[Result "0-1"]
[WhiteTitle "GM"]
[BlackTitle "IM"]
[WhiteElo "2509"]
[BlackElo "2353"]
[WhiteFideId "13701703"]
[BlackFideId "5202248"]
[EventDate "2013.10.10"]

1. d4 e6 2. c4 Bb4+ 3. Nc3 f5 4. Qb3 a5 5. Nf3 Nf6 6. g3 b6 7. Bg2 Bb7 8. O-O
O-O 9. Rd1 Na6 10. Bf4 h6 11. Rac1 Bxc3 12. Qxc3 d6 13. Qb3 Qe8 14. Bd2 e5 15.
dxe5 Nc5 16. Qc2 Be4 17. Qc3 Na4 18. Qa3 dxe5 19. b3 Nc5 20. Bc3 Bxf3 21. exf3
f4 22. Qb2 Qg6 23. Qc2 Qg5 24. Re1 Rae8 25. Rcd1 fxg3 26. hxg3 Qh5 27. Re3 Re6
28. Qe2 Rfe8 29. Re1 Ncd7 30. Qf1 R6e7 31. Bh3 Nc5 32. Kg2 e4 33. fxe4 Rxe4 34.
Rxe4 Nfxe4 35. Qe2 Qf7 36. f3 Nd6 37. Qc2 Ne6 38. f4 g5 39. Ba1 Nxf4+ 40. gxf4
Rxe1 41. Qc3 Rxa1 42. Qxa1 Qxf4 43. Be6+ Nf7 44. Bd5 Kh7 45. Qc3 Ne5 46. c5 Ng4
47. Qd3+ Kg7 48. Ba8 Qh2+ 0-1

[Event "Indonesia Open 2013"]
[Site "Jakarta INA"]
[Date "2013.10.14"]
[Round "6.24"]
[White "Hossain, Enamul"]
[Black "Muhammad, Luthfi Ali"]
[Result "1-0"]
[WhiteTitle "GM"]
[BlackTitle "CM"]
[WhiteElo "2445"]
[BlackElo "2338"]
[WhiteFideId "10200649"]
[BlackFideId "7103743"]
[EventDate "2013.10.10"]

1. e4 c5 2. Nf3 g6 3. d4 cxd4 4. Nxd4 Nc6 5. c4 Nf6 6. Nc3 Nxd4 7. Qxd4 d6 8.
Bg5 Bg7 9. Qd2 O-O 10. Be2 Be6 11. Rc1 Qa5 12. f3 Rfc8 13. b3 a6 14. Nd5 Qxd2+
15. Kxd2 Bxd5 16. exd5 Nd7 17. Rhe1 Bf6 18. Bxf6 Nxf6 19. Kd3 Kf8 20. Kd4 Rc7
21. Rc3 Nd7 22. Re3 Nc5 23. f4 a5 24. Bd1 Rb8 25. Be2 Na6 26. Rd1 a4 27. Rd2 Ra8
28. bxa4 Nc5 29. Bd1 Nxa4 30. Ra3 Nb6 31. Rxa8+ Nxa8 32. Rb2 Ke8 33. g4 Kd8 34.
g5 f5 35. Ba4 Kc8 36. h4 Rc5 37. h5 Nc7 38. hxg6 hxg6 39. Rh2 b5 40. Bxb5 Nxb5+
41. cxb5 Rxb5 42. Rh6 Rb4+ 43. Ke3 Re4+ 44. Kf3 Ra4 45. Rxg6 Ra3+ 46. Kg2 Rxa2+
47. Kg3 Kd7 48. Rg8 Ra3+ 49. Kh4 Rf3 50. g6 Rxf4+ 51. Kh5 Rg4 52. g7 Rg1 53. Kh6
e5 54. Rf8 e4 55. Rxf5 e3 56. Rf7+ Ke8 57. Rf8+ Ke7 58. g8=Q Rh1+ 59. Kg5 1-0

[Event "Indonesia Open 2013"]
[Site "Jakarta INA"]
[Date "2013.10.14"]
[Round "6.25"]
[White "Juswanto, Denny"]
[Black "Zozulia, Anna"]
[Result "0-1"]
[WhiteTitle "IM"]
[BlackTitle "IM"]
[WhiteElo "2417"]
[BlackElo "2330"]
[WhiteFideId "7100221"]
[BlackFideId "14102110"]
[EventDate "2013.10.10"]

1. c4 g6 2. Nc3 Bg7 3. g3 d6 4. Bg2 Nf6 5. Nf3 e5 6. O-O O-O 7. d3 Nc6 8. Bg5 h6
9. Bxf6 Bxf6 10. Rb1 a5 11. a3 Bg7 12. b4 axb4 13. axb4 Be6 14. Nd2 e4 15. Nd5
exd3 16. exd3 Nd4 17. b5 c6 18. bxc6 bxc6 19. Nf4 Bf5 20. Nb3 Qc7 21. Nxd4 Bxd4
22. Qf3 Ra2 23. h4 Qa7 24. Bh3 Bxh3 25. Nxh3 Qd7 26. Nf4 Re8 27. Kg2 Re3 28. Qd1
Be5 29. Qb3 Rxg3+ 30. Kxg3 Qf5 0-1